| 000 | 01060nam a22002897a 4500 | ||
|---|---|---|---|
| 003 | EG-ScBUE | ||
| 005 | 20211012134812.0 | ||
| 008 | 211012s2012 ua o f 000 0 ara d | ||
| 017 | _a2012/2001 | ||
| 020 | _a9789772070817 | ||
| 040 |
_aEG-ScBUE _bara _erda _cEG-ScBUE _dEG-ScBUE |
||
| 043 | _af-ua--- | ||
| 082 | 0 | 4 |
_a962.5 _bم و س _222 |
| 100 | 1 |
_aموسى، عادل، _eمؤلف. _940625 |
|
| 245 | 1 | 0 |
_aأيام نوبية : _bعن رحلة البروفيسرة آنا هوهينفارت / _cإعداد عادل موسى، محيي الدين صالح. |
| 264 | 1 |
_aالقاهرة : _bالهيئة المصرية العامة للكتاب، _c2012. |
|
| 300 |
_a179 صفحة : _bصور ؛ _c28 سم |
||
| 336 |
_2rdacontent _aنص _btxt |
||
| 337 |
_2rdamedia _aبدون وسيط _bn |
||
| 338 |
_2rdacarrier _aمجلد _bnc |
||
| 541 | _cإهداء. | ||
| 651 | 7 |
_aالنوبة (مصر) _xتاريخ. _2BUEsh |
|
| 653 |
_bGGEN _cOctober2021 |
||
| 655 |
_vReading book _934232 |
||
| 700 | 1 |
_aصالح، محيي الدين، _dمعد. |
|
| 942 | _2ddc | ||
| 999 |
_c29582 _d29553 |
||